| 000 | 00819nam a2200289Ia 4500 | ||
|---|---|---|---|
| 001 | 9080 | ||
| 003 | IT-RoPAU | ||
| 008 | 130308s9999 xx 000 0 und d | ||
| 040 | _aIT-RoPAU | ||
| 040 | _cIT-RoPAU | ||
| 041 | _aITALIANO | ||
| 100 | _aSechehaye Albert | ||
| 100 | _gCodice Aut. SPICS: 1385 | ||
| 245 | _aPensiero e la lingua (Il) o come concepire il rapporto organico dell'Individuale e del sociale nel linguaggio ? | ||
| 245 | _bLinguaggio (Il)-(Dedalo) | ||
| 250 | _a1a ed. | ||
| 260 | _aBARI | ||
| 260 | _bDedalo | ||
| 260 | _c1976 [1° Ed.:1976 - Ed.Ling.Originale:1969] | ||
| 300 | _a"29 p. (prefazione: no ; testo: 29 [pagine: 191-219])" | ||
| 650 | _aFILOSOFIA LINGUISTICA | ||
| 650 | _eCodice materia Spics: 3101 | ||
| 942 | _cBK | ||
| 957 | _71 | ||
| 999 |
_c38990 _d38990 |
||
| 999 | _bSI | ||
| 999 | _g1 | ||